000 00775nam a22002417a 4500
003 0
005 20250927110259.0
008 250927b xxu||||| |||| 00| 0 eng d
020 _a978-1-032-95401-1
050 _aRC 489.C63
_b.J67 2025
100 _aJoshi, Anjali,
_eauthor.
245 _aRational emotive behaviour theraphy integrated /
_cAnjali Joshi and K.M. Phadke.
250 _aSecond edition.
260 _aNew York, NY :
_bRoutledge,
_c2025.
300 _axviii, 307 pages ;
_c23 cm.
504 _aIncludes bibliographical references and index.
650 _aRational emotive behavior therapy.
650 _aCognitive therapy.
650 _aPsychotherapy.
650 _aCognitive behavioral therapy.
700 _aPhadke, K.M.,
_eauthor.
942 _2lcc
_cBK
999 _c368136
_d368136